1070 1934 1483 1396 1161 1687 1232 1921 1654 1266 1075 1460 1416 1385 1746 1329 1576 1240 1848 1182 1186 1788 1829 1439 1769 1952 1068 1261 1827 1236 1774 1389 1829 1408 1264 1686 1460 1870 1181 1772 1014 1796 1133 1568 1703 1533 1369 1826 1550 1875 1824 1266 1033 1573 1446 1165 1067 1544 1017 1161 1917 1196 1616 1485 1255 1982 1920 1363 1384 1168 1282 1291 1296 1551 1949 1033 1407 1151 1251 1189 1997 1585 1418 1870 1886 1633 1373 1517 1760 1982 1782 1573 1244 1212 1360 1001 1572 1272 1535 BCNSPRNW ULIB Ver.6.0+V

เปลี่ยนเป็นภาษาไทย

Change to English
 แสดงรายละเอียดบรรณานุกรม
  กลับหน้าหลัก

Brief Record : Get Marc (ISO 2709) : E-mail record : QR code < ปิดหน้าต่าง
LEADER : 00000nam 2200000uu 4500
001    13399114431
003     ULIB
008    110627s||||||||th 000 0 tha d
020    9747053268
098    นว.^bม162ร
100 0  มนันยา
245 00 ระทึก/^cมนันยา
250    พิมพ์ครั้งที่ 2
260    กรุงเทพฯ :^bสามสี,^c2536
300    254 หน้า
710 1  สามสี
945    ^p65^l0^i031541
995    ทศพร
999 ^a ใช้งานได้ทุกระบบ
รายการนี้ยังไม่มีแท็ก
คุณยังไม่ได้ล็อกอิน คุณสามารถมีกิจกรรมร่วมกับเว็บไซต์ได้ แต่ต้องล็อกอินก่อน ::
  ล็อกอิน

รายการสื่อสารสนเทศ

ลำดับที่ ประเภท เลขเรียก/บาร์โค้ด สถานที่ สถานะ
1. นวนิยาย
นวนิยาย
 ฉ.1 
  Barcode: 031541
ห้องสมุดวิทยาเขตสวรรค์ประชารักษ์
►นวนิยาย
บนชั้น
  ขอยืม

รายการใกล้เคียง
    ผู้แต่ง [มนันยา]

BibComment


ยังไม่เคยถูกคอมเมนท์

คอมเมนท์ทรัพยากรรายการนี้
  คอมเมนท์: ระทึก มนันยา


 Copyright 2026. Bcnsprnw @Library